| 000 | 01137cam a2200193 4500 | ||
|---|---|---|---|
| 008 | 020805n2002 000 0 eng u | ||
| 035 | _a(Sirsi) u119175 | ||
| 100 | _aLewin, L. | ||
| 245 | _aScottish Executive Housing Improvement Task Force | ||
| 260 | _c2002 | ||
| 490 |
_aProperty Law _v(58) July 2002, 1-2(2) |
||
| 520 | _aHighlights work and aims of the Scottish Executive's Housing Improvement Task Force. There are 16 members who represent the Council of Mortgage Lenders, Banks, Housing Associations, Surveyors, Solicitors, the Scottish Consumer Council, Property Factors Association, Shelter and Local Authorities. They have been looking at owner-occupiers resident in housing that requires improvement or repairs; individuals buying and selling property; landlords renting property in the private sector (and the interests of tenants who occupy these properties) and common or shared obligations in respect of property. Task Force web site is at www.scotland.gov.uk/hitf | ||
| 590 | _aABS | ||
| 650 | _aHOUSING IMPROVEMENT SCHEMES | ||
| 650 | _aSCOTLAND | ||
| 690 | _aHOUSING | ||
| 700 | _aBrymer, S. | ||
| 942 | _n0 | ||
| 999 |
_c70893 _d70893 |
||